ბათუმის შოთა რუსთაველის სახელმწიფო უნივერსიტეტის ბიბლიოთეკა

Der Imaginäre Blick : (ბიბ.ჩანაწერი № 63678)

000 -LEADER
fixed length control field 00940nam a22002297a 4500
005 - DATE AND TIME OF LATEST TRANSACTION
control field 20251208142653.0
008 - FIXED-LENGTH DATA ELEMENTS--GENERAL INFORMATION
fixed length control field 251208s2018 ge ||||| |||| 00| 0 eng d
041 ## - LANGUAGE CODE
Language code of text/sound track or separate title eng
080 ## - UNIVERSAL DECIMAL CLASSIFICATION NUMBER
Universal Decimal Classification number 77(479.22)(092) K-43
100 ## - MAIN ENTRY--PERSONAL NAME
Personal name Kiknadze, Eteri
9 (RLIN) 26377
245 ## - TITLE STATEMENT
Title Der Imaginäre Blick :
Remainder of title Beso Uznadzes Porträts /
Statement of responsibility, etc. Eteri Kiknadze; Lektorat Konrad Krämer.
264 ## - PRODUCTION, PUBLICATION, DISTRIBUTION, MANUFACTURE, AND COPYRIGHT NOTICE
Place of production, publication, distribution, manufacture [Warszawa] :
Name of producer, publisher, distributor, manufacturer PWN,
Date of production, publication, distribution, manufacture, or copyright notice 2018.
300 ## - PHYSICAL DESCRIPTION
Extent 108 p. :
Other physical details phot. ;
Dimensions 25 cm.
521 ## - TARGET AUDIENCE NOTE
Target audience note ბიბლიოგრაფია: გვ. 104-107.
Source
653 ## - INDEX TERM--UNCONTROLLED
keyword Uznadze, Beso, 1968
653 ## - INDEX TERM--UNCONTROLLED
keyword უზნაძე, ბესო, 1968
653 ## - INDEX TERM--UNCONTROLLED
keyword ქართველი ფოტოგრაფები
653 ## - INDEX TERM--UNCONTROLLED
keyword ქართული მხატვრული ფოტოგრაფია
700 ## - ADDED ENTRY--PERSONAL NAME
Personal name Uznadze, Beso
Relator term ფოტოგრაფი
9 (RLIN) 26378
700 ## - ADDED ENTRY--PERSONAL NAME
Personal name Krämer, Konrad
Relator term რედაქტორი
9 (RLIN) 26379
942 ## - ADDED ENTRY ELEMENTS (KOHA)
Source of classification or shelving scheme
Koha item type წიგნი
ეგზემპლარები
Withdrawn status Lost status Source of classification or shelving scheme Damaged status Not for loan Permanent Location Current Location Shelving location Date acquired Cost, normal purchase price Full call number Barcode Date last seen Copy number Uniform Resource Identifier Price effective from Koha item type Public note
          ბათუმის შოთა რუსთაველის სახელმწიფო უნივერსიტეტის მთავარი ბიბლიოთეკა ბათუმის შოთა რუსთაველის სახელმწიფო უნივერსიტეტის მთავარი ბიბლიოთეკა წიგნსაცავი 2025-12-08 20.00 77(479.22)(092) K-43 73235 2025-12-08 73235 საჩუქარი საქართველოს ეროვნული ბიბლიოთეკისაგან 2025-12-08 წიგნი 20 ლ.